Bayraklarla İşlemler - Statistics

General Stats
  • This quiz has been taken 447 times
  • The average score is 10 of 14
Answer Stats
İşlem Bayrak % Correct
Kanada
97%
Meksika
90%
Mısır
85%
Lübnan
84%
Hırvatistan
80%
Slovakya
78%
Slovenya
77%
Moldova
63%
Andorra
62%
Ekvador
61%
Senegal
61%
Paraguay
57%
Gana
54%
Tacikistan
53%
No matching quizzes found
Score Distribution
Percent of People with Each Score
Percentile by Number Answered
Your Score History
You have not taken this quiz